000 01394nam a2200349 c 4500
003 BLK
005 20250728084708.0
008 180412b bul|||||r ||||||| ||bul||
010 _aKNG00014767000
020 _a954-706-014-7
_bиздат.: Коломбина
040 _aBLK
041 _aBUL
_cBUL
080 _aАмериканска литература (на САЩ)
_b821.111(73)
_x-31
_z821.111(73)-31
100 _aБраун, Сандра
_d1948-
_gАмериканска писателка
_eпърви автор
_9241650
700 1 _aСветозарова, Незабравка
_eпрев. от англ.
_9249763
139 _aБраун, Сандра
_bБ 78
245 1 0 _aБезследно изчезнал
_bРоман
_cСандра Браун; прев. от англ. Незабравка Светозарова.
257 _aUSA
260 София
_bКоломбина
_c1996
300 _a222 с.
_c20 см
380 _aX
490 1 _aHarlequin
490 1 _3Подсерия
_aБестселър
_v12
500 _aОриг. загл. Tomorrow's Promise / Sandra Brown. - 11 000 тир.
653 _aромани
852 _aЦб 189707
856 4 _qpdf
_u
856 4 _qpdf
_u
942 _cKNG
_n0
_060
944 _aCR
_c15.01.2003
_lЦветелина Шанова
_k30531
944 _aED
_c22.06.2016
_lф /
_kЛюдмила_Стоянова
999 _c13139
_d13139